| 000 | 00548nam a22001457a 4500 | ||
|---|---|---|---|
| 999 |
_c725 _d725 |
||
| 008 | 150518b xxu||||| |||| 00| 0 eng d | ||
| 020 | _a0195723791 | ||
| 050 | _aPR 9408.6 P6 K3 1976 | ||
| 100 |
_aKariara, Jonathan & Kitonga, Ellen _d1976 |
||
| 245 |
_aAn introduction to East African poetry / _cJonathan Kariara & Ellen Kitonga |
||
| 260 |
_aLondon: _bOxford University Press, _c1976. |
||
| 300 |
_axii,126p. : _bill. ; |
||
| 650 | _aPoetry | ||
| 942 |
_2lcc _cBOOKS _hPR 9408.6 P6 K3 1976 _016 |
||